01115nam a2200169Ia 4500001001300000003001000013008004100023040002500064041000700089100002000096245008000116250001100196260004900207300001200256500064000268650003700908a1561-39765 IT-MiCISF161014s9999||||xx |||||||||||||| ||und|| aIT-MiCISFcIT-MiCISF ait aBrun Jacqueline 0aAngoscia, vai via!bSui nodi alla gola e sulle strette al cuore dei bambini a1a ed. a RomabMagic2004 [Edizione originale: 2000] app. 156 a / infanzia, problemi-infanzia, terapia-infantile, case-studies / L'A., psicologa clinica e psicoanalista, illustra le sue esperienze di terapeuta infantile alle prese con le angosce dei bambini: quelle dovute al sentimento di abbandono, quelle legate alla scuola e alla prima separazione, quelle frutto della gelosia tra fratelli. Presenta poi i casi più complessi in cui l'angoscia dei bambini maschera i segreti non detti tra genitori e figli, o i lutti familiari nascosti. L'A. illustra inoltre la sua tecnica di aiuto del "sogno da svegli guidato", da lei utilizzato nelle angosce infantili che persistono anche in età adulta. a Infanzia / età-evolutivae008